| 000 | 01583nam0a2200373 4500 | ||
|---|---|---|---|
| 001 | RU\NLR\bibl\1426933 | ||
| 005 | 20260405132219.0 | ||
| 010 |
_a978-5-902390-19-0 _9300 |
||
| 021 |
_aRU _b2009-65969 _94064 |
||
| 035 | _a(nilc)RSL-KNO-004373068 | ||
| 035 | _a(NLR Aleph) 001418855 | ||
| 090 |
_a1329691 _c1329691 |
||
| 100 | _a20090820d2009 |||y0rusy50 ca | ||
| 101 | 0 | _arus | |
| 102 | _aRU | ||
| 105 | _ay zzzz||||| | ||
| 200 | 1 |
_aНеизвестное Заволжье _fСергей Минутин, Юрий Тола-Талюк, Борис Споров, Павел Маленов _g[авт.-сост. Сергей Кирилловский, Сергей Минутин] |
|
| 210 |
_aНижний Новгород _aЗаволжье _cДиалог культур _d2009 |
||
| 215 |
_a172 с. _d21 |
||
| 300 | _aНа обл. последовательность авт. изменена | ||
| 607 |
_aЗаволжье _xИстория _92535819 _3RU\NLR\auth\661501710 |
||
| 686 |
_aТ3(2Р-4Ниж-2Заволжье)0,02 _2rubbk |
||
| 686 | _aТ3(2Р354) | ||
| 701 | 1 |
_aМинутин _bС. _gСергей _4070 |
|
| 701 | 1 |
_4070 _8rus _7ca _aТола-Талюк _bЮ. К. _f1937-2006 _gЮрий Константинович _3RU\NLR\auth\7753089 _936022 |
|
| 701 | 1 |
_aСпоров _bБ. _gБорис _4070 |
|
| 701 | 1 |
_aМаленов _bП. _gПавел _4070 |
|
| 702 | 1 |
_aКирилловский _bС. _gСергей |
|
| 801 | 0 |
_aRU _bРКП _c20090820 _grcr |
|
| 801 | 1 |
_aRU _bРГБ _c20090820 |
|
| 801 | 2 |
_aRU _bNLR _c20091019 _grcr |
|
| 942 | _cBOOK | ||
| 980 | _aNB | ||